000 00621nam a2200241 a 4500
001 0001-1096
003 ELIB.Books
008 150116 2010 eng
020 _a9780764229183
035 _a(ELIB.Books)0001-1251
092 _a248.8
_bPar
100 _aPartow, Donna.
245 _aBecoming a Vessel God Can Use
260 _aMinneapolis:
_bBethany House Publishers
_c2004
300 _a237
_c21.3 Cm
500 _aC/o Moe Lwai
650 _aChristian Life
856 _nKBTS; Library
_uKBTS; Elib.
942 _2ddc
_cBK
990 _a2
998 _cbat
_e2015-01-16
999 _c11096
_d11096